| 000 | 00479nam a2200169Ia 4500 | ||
|---|---|---|---|
| 001 | 12651 | ||
| 005 | 20260306162957.0 | ||
| 008 | 260306t9999||||xx |||||||||||||| ||spa|| | ||
| 041 | _aESP | ||
| 082 |
_aHR 387.5 _bN° 1 2025 RM |
||
| 110 | _aFondo de Publicaciones de la Dirección General de Comunicación e Intereses Marítimos | ||
| 245 | 0 | _aRevista de Marina numero 1 - 2025 enero - marzo | |
| 300 |
_a _c |
||
| 650 | _aGEN | ||
| 654 | _aCHU | ||
| 942 |
_cREV _dJUS _fJUS _2ddc _n |
||
| 999 |
_c12651 _d12651 |
||